000 00621nam a2200205 4500
001 120957
003 ES-MaACL
005 20240205165153.0
007 t|
008 070214s1973 sp r ||||1| spa d
080 _a929 Picasso, Pablo
080 _a7 Picasso, Pablo
100 1 _aPompey, Francisco.
_992936
245 1 0 _aPicasso
_b: su vida y sus obras /
_cFrancisco Pompey.
260 _aMadrid :
_b[s.n.],
_c1973 (
_fGráf. Iberoamericanas)
300 _a329 p., 1 lám. ;
_c21 cm.
600 1 4 _aPicasso, Pablo,
_d1881-1973
_991794
852 _aES-MaACL
_jC-54801
_bR.87369
999 _c120957
_d120957